Catálogo público

Variación adaptativa en carcteres morfológicos de plántulas de Pinus patula / (Record no. 220837)

MARC details
000 -CABECERA
campo de control de longitud fija 04365nam a2200337 a 4500
003 - IDENTIFICADOR DEL NÚMERO DE CONTROL
campo de control OSt
005 - FECHA Y HORA DE LA ÚLTIMA TRANSACCIÓN
campo de control 20250923095213.0
007 - CAMPO FIJO DE DESCRIPCIÓN FÍSICA--INFORMACIÓN GENERAL
campo de control de longitud fija cr ||||||a|a|a
008 - DATOS DE LONGITUD FIJA--INFORMACIÓN GENERAL
campo de control de longitud fija 250819s2025 mx a|||fom||| 001 0 spa d
040 ## - FUENTE DE LA CATALOGACIÓN
Normas de descripción rda
100 1# - ENTRADA PRINCIPAL--NOMBRE DE PERSONA
Nombre de persona Hernández López, Araceli
9 (RLIN) 190960
245 10 - MENCIÓN DE TÍTULO
Título Variación adaptativa en carcteres morfológicos de plántulas de Pinus patula /
Mención de responsabilidad, etc. por Araceli Hernández López; director de tesis Liliana Muñoz Gutiérrez; secretario Jesus Vargas Hernández; vocal Javier López Upton; suplente Leopoldo Mohedano Caballero; suplente José A. Gil Vera Castillo.
264 #1 - PRODUCCIÓN, PUBLICACIÓN, DISTRIBUCIÓN, FABRICACIÓN Y COPYRIGHT
Producción, publicación, distribución, fabricación y copyright Chapingo, México :
Nombre del de productor, editor, distribuidor, fabricante El autor,
Fecha de producción, publicación, distribución, fabricación o copyright 2025.
300 ## - DESCRIPCIÓN FÍSICA
Extensión 1 recurso en línea (49 páginas):
Otras características físicas cuadros, figuras.
336 ## - TIPO DE CONTENIDO
Fuente rdacontent
Término de tipo de contenido texto
Código de tipo de contenido txt
337 ## - TIPO DE MEDIO
Fuente rdamedia
Nombre/término del tipo de medio computadora
Código del tipo de medio c
338 ## - TIPO DE SOPORTE
Fuente rdacarrier
Nombre/término del tipo de soporte recurso en línea
Código del tipo de soporte cr
502 ## - NOTA DE TESIS
Tipo de título Ingeniería en Restauración Forestal
Nombre de la institución que otorga el título División de Ciencias Forestales,
Año de obtención del título 2025.
Información miscelánea Licenciatura
504 ## - NOTA DE BIBLIOGRAFÍA, ETC.
Nota de bibliografía, etc. Incluye referencias bibliográficas:30-35 páginas .
520 ## - SUMARIO, ETC.
Sumario, etc. En todo programa de mejoramiento genético, se requiere evaluar la variación genética existente en los árboles seleccionados y, determinar si existe un efecto del ambiente.Estas evaluaciones pueden llevarse a cabo en edades tempranas, cuando la planta se encuentra creciendo en vivero. Las evaluaciones están orientadas a determinar el desempeño de individuos seleccionados a través de su capacidad de germinación y el desarrollo de las primeras estructuras como los cotiledones e hipocótilo, los cuales comúnmente son indicadores de una selección temprana. Por lo anterior, se llevó a cabo un experimento con 59 familias de Pinus patula de diferentes procedencias, agrupadas en regiones de recolecta de las poblaciones naturales (Región 2, 3 y HSA). Fueron sembradas en un diseño de bloques completos con cinco repeticiones, bajo condiciones de invernadero (en un ambiente común). Se determinó la capacidad germinativa (%), número de cotiledones, longitud de cotiledones (cm) y longitud de hipocótilo (cm), las cuales fueron correlacionadas con las variables geoclimáticas del periodo 1991-2020 de los sitios de procedencia de cada familia, y se realizó un análisis de Pearson, un análisis canónico, así como un análisis de varianza. Los resultados del ANOVA demostraron que hay variación altamente significativa (p<0.0001) entre las variables morfológicas. La capacidad germinativa presentó mayor variación entre regiones (R2; 0-45%, R3; 11-97%, HSA; 58-100%), mientras que la variación en el número de cotiledones se atribuyó a los árboles con valores de 5 hasta 8 cotiledones para algunos individuos. Las correlaciones de Pearson indicaron que, a excepción del número de cotiledones, las demás variables se correlacionan positivamente con las variables geoclimáticas latitud (LAT), longitud (LONG), temperatura media anual (MAT), temperatura del mes más cálido (MWMT), día de inicio y termino del periodo libre de heladas (bFFP, eFPP), precipitación en forma de nieve (PAS) y temperatura extrema de 1991-2020 (EXT). Aquellas semillas procedentes de sitios ubicados más al norte y al oeste tienen mayor capacidad germinativa, longitud de cotiledones y de hipocótilo. Por otra parte, el modelo del análisis canónico fue significativo (p>0.0011), en donde una función explicó el 77% de la variación conjunta entre variables morfológicas y geoclimáticas, indicando que la capacidad germinativa y longitud de cotiledones fueron las variables más sensibles a MWMT, EXT y bFPP. Los resultados obtenidos dentro del estudio dan información para la toma de decisiones en cuanto a sitios de recolecta de germoplasma para Pinus patula, con base en el desarrollo inicial de la planta para usarla en programas de mejoramiento genético.
650 #4 - PUNTO DE ACCESO ADICIONAL DE MATERIA--TÉRMINO DE MATERIA
Término de materia o nombre geográfico como elemento de entrada Pinus patula
Subdivisión general Mejoramiento
9 (RLIN) 132940
650 #4 - PUNTO DE ACCESO ADICIONAL DE MATERIA--TÉRMINO DE MATERIA
Término de materia o nombre geográfico como elemento de entrada Pinus patula
Subdivisión general Efecto del medio ambiente
9 (RLIN) 191205
650 #4 - PUNTO DE ACCESO ADICIONAL DE MATERIA--TÉRMINO DE MATERIA
Término de materia o nombre geográfico como elemento de entrada Pinus patula
Subdivisión general Semillas
-- Germinación
9 (RLIN) 132939
700 1# - PUNTO DE ACCESO ADICIONAL--NOMBRE DE PERSONA
Nombre de persona Muñoz Gutiérrez, Liliana
9 (RLIN) 79604
Término indicativo de función/relación director.
700 1# - PUNTO DE ACCESO ADICIONAL--NOMBRE DE PERSONA
Nombre de persona Vargas Hernández, Jesús
9 (RLIN) 118024
Término indicativo de función/relación secretario.
700 1# - PUNTO DE ACCESO ADICIONAL--NOMBRE DE PERSONA
Nombre de persona López Upton, Javier
9 (RLIN) 68387
Término indicativo de función/relación vocal.
700 0# - PUNTO DE ACCESO ADICIONAL--NOMBRE DE PERSONA
Nombre de persona Mohedano Caballero, Leopoldo
9 (RLIN) 77285
Término indicativo de función/relación suplente.
700 1# - PUNTO DE ACCESO ADICIONAL--NOMBRE DE PERSONA
Nombre de persona Vera Castillo, José Amando Gil
9 (RLIN) 118764
Término indicativo de función/relación suplente.
856 ## - LOCALIZACIÓN Y ACCESO ELECTRÓNICOS
Identificador Uniforme del Recurso http://10.13.5.2/tesis/tl/1711164-1_HERNANDEZ_LOPEZ_ARACELI.pdf
Nota pública DESCARGAR PDF
942 ## - ELEMENTOS DE PUNTO DE ACCESO ADICIONAL (KOHA)
Fuente del sistema de clasificación o colocación Clasificación Universidad Autónoma Chapingo
Tipo de ítem Koha Tesis digital
Holdings
Estado de retiro Estado de pérdida Fuente del sistema de clasificación o colocación Estado dañado Restricciones de uso No para préstamo Código de colección Localización permanente Ubicación/localización actual Ubicación en estantería Fecha de adquisición Total de préstamos Signatura topográfica completa Fecha visto por última vez Precio válido a partir de Tipo de ítem Koha
    Clasificación Universidad Autónoma de Chapingo   Préstamo interno   Tesis digitales de Licenciatura Biblioteca Digital Biblioteca Digital En línea 19/08/2025   Tesis digital 19/08/2025 19/08/2025 Tesis digital